000 00440nam a22001817a 4500
003 OSt
008 220127b ||||| |||| 00| 0 eng d
020 _a9789350350300
082 _a352.749 WAL
100 _aWADEHRA,BL
245 _aLaw Relating to Intellectual Property
250 _a5th Ed.
260 _aGurgaon:
_bLexis Nexis,
_c2019.
300 _alxiii, 577
650 _aECE
700 _aPANDAY,Hemant Kumar
942 _2ddc
_cBK
999 _c11076
_d11076